Quiz o Rumunii - Statystyki

Ogólne statystyki
  • Ten quiz został rozwiązany 11 razy
  • Średni wynik to 17 z 25
Statystyki odpowiedzi
Wskazówka Odpowiedź % Poprawnych
Stolica Rumunii Bukareszt
100%
Państwa graniczące Bułgaria
100%
Najdłuższa rzeka Dunaj
100%
Poza Rumunią jest tam urzędowy język ten sam co w Rumunii Mołdawia
100%
Państwa graniczące Mołdawia
100%
Morze do którego Rumunia ma dostęp Morze Czarne
100%
Państwa graniczące Serbia
100%
Historyczny region w Rumunii Siedmiogród
100%
Państwa graniczące Ukraina
100%
Państwa graniczące Węgry
100%
Rumuński producent samochodów, który stanowi 8% eksportu Dacia
90%
Pasmo górskie przebiegające przez Rumunię Karpaty
90%
Fikcyjny hrabia inspirowany powyższym Drakula
80%
Mistrz Ligi Mistrzów Piłki Nożnej w 1986 Steaua Bukareszt
70%
Język urzędowy w Rumunii język rumuński
60%
Drugie najludniejsze miasto Kluż-Napoka
60%
Jeden z najsłynniejszych piłkarzy Rumunii Gheorghe Hagi
50%
Najpopularniejsza piosenka w języku rumuńskim Dragostea Din Tei / Numa Numa Jej
40%
Gimnastyczka, która zdobyła sześć doskonałych not na Letnich Igrzyskach Olimpijskich w 1976 w gimnastyce Nadia Comăneci
40%
Przyjęli od tego państwa ponad 100 tysięcy uchodźców Polska
30%
Średniowieczny władca, znany z palowania swoich przeciwników Wład Palownik
30%
W tym kraju żyje najwięcej ludzi pozą Rumunią Włochy
30%
Zamek nieprawidłowo uznawany za dom tej postaci Zamek w Branie
10%
Kraj który ma ponad 0,800 wskaźniku HDI ale mniej niż Rumunia Kuwejt
0%
Ostatni król Rumunii Michał I Rumuński
0%
Nie znaleziono quizów pasujących do podanych kryteriów
Rozkład punktacji
Procent ludzi z każdym wynikiem
Percentyl według liczby udzielonych odpowiedzi
Twoja historia wyników
Nie rozwiązałeś tego quizu